| 000 | 00347nam a2200133Ia 4500 | ||
|---|---|---|---|
| 008 | 240624s9999 xx 000 0 und d | ||
| 041 | _aeng | ||
| 082 | _a658.472 WAR | ||
| 100 | _aWARREN NORM | ||
| 245 | _aBUSINESS INTELLIGENCE IN MICROSOFT SHARE | ||
| 260 |
_c2010 _aNew Delhi _bWiley |
||
| 300 | _axxiv, : 384 : p. : cm. ; 26 | ||
| 365 |
_cRS _b33 |
||
| 999 |
_c25577 _d25577 |
||